Languages supported by Machine Translation Apps - Statistics

General Stats
  • This quiz has been taken 330 times
    19 since last reset
  • The average score is 190 of 274
Answer Stats
Languages Google Translate Bing Microsoft Yandex Amazon Language Weaver Systran Deepl % Correct
Dari
100%
English
100%
English (UK)
100%
French
100%
French (Canada)
100%
Hindi
100%
Irish
100%
Latin
100%
Mauritian Creole
100%
Pashto
100%
Persian
100%
Romani
100%
Romanian
100%
Spanish
100%
Spanish (Mexico)
100%
Telugu
100%
Tibetan
100%
Urdu
100%
Albanian
93%
Arabic
93%
Arabic (Egyptian)
93%
Armenian
93%
Bengali
93%
Breton
93%
Catalan
93%
Chinese (Simplified)
93%
Chinese (Traditional)
93%
Danish
93%
Dutch
93%
Estonian
93%
Fijian
93%
Filipino/Tagalog
93%
Finnish
93%
Ga
93%
Georgian
93%
German
93%
Haitian Creole
93%
Hmong
93%
Italian
93%
Kannada
93%
Latvian
93%
Lithuanian
93%
Malay
93%
Malay (Jawi)
93%
Manx
93%
Moroccan Arabic
93%
Occitan
93%
Portuguese (Brazil)
93%
Portuguese (Portugal)
93%
Scots Gaelic
93%
Standard Arabic
93%
Swedish
93%
Tajik
93%
Thai
93%
Vietnamese
93%
Welsh
93%
Assamese
87%
Aymara
87%
Baluchi
87%
Bulgarian
87%
Corsican
87%
Czech
87%
Faroese
87%
Greek
87%
Hungarian
87%
Icelandic
87%
Indonesian
87%
Japanese
87%
Javanese
87%
Khmer
87%
Korean
87%
Lao
87%
Malayalam
87%
Marathi
87%
Marshallese
87%
Myanmar (Burmese)
87%
Nepali
87%
Norwegian (Bokmal)
87%
Norwegian (Nynorsk)
87%
Oromo
87%
Punjabi (Gurmukhi)
87%
Punjabi (Shahmukhi)
87%
Quechua
87%
Russian
87%
Samoan
87%
Sardinian
87%
Sicilian
87%
Slovak
87%
Slovenian
87%
Somali
87%
Tamil
87%
Turkish
87%
Turkmen
87%
Uzbek (Cyrillic)
87%
Uzbek (Latin)
87%
Afrikaans
80%
Amharic
80%
Azerbaijani
80%
Belarusian
80%
Cantonese
80%
Cebuano
80%
Croatian
80%
Dombe
80%
Dzongkha
80%
Frisian
80%
Galician
80%
Guarani
80%
Hawaiian
80%
Hebrew
80%
Kurdish (Kurmanji)
80%
Kyrgyz
80%
Lombard
80%
Luxembourgish
80%
Macedonian
80%
Malagasy
80%
Maltese
80%
Maori
80%
Mongolian (Cyrillic)
80%
Mongolian (Traditional)
80%
Odia (Oriya)
80%
Polish
80%
Serbian (Cyrillic)
80%
Serbian (Latin)
80%
Silesian
80%
Sindhi
80%
Sinhala
80%
Tatar
80%
Ukrainian
80%
Uyghur
80%
Zulu
80%
Abkhaz
73%
Afar
73%
Bosnian
73%
Chechen
73%
Crimean Tatar (Cyrillic)
73%
Crimean Tatar (Latin)
73%
Esperanto
73%
Friulian
73%
Ilocano
73%
Jamaican Patois
73%
Kazakh (Cyrillic)
73%
Kazakh (Latin)
73%
Kikongo
73%
Sesotho
73%
Sundanese
73%
Swahili
73%
Swati
73%
Tamazight
73%
Tamazight (Tifinagh)
73%
Tok Pisin
73%
Venetian
73%
Xhosa
73%
Yiddish
73%
Yoruba
73%
Yucatec Maya
73%
Acehnese
67%
Balinese
67%
Basque
67%
Chuvash
67%
Dhivehi
67%
Fulani
67%
Hausa
67%
Igbo
67%
Kalaallisut
67%
Konkani
67%
Maithili
67%
Mizo
67%
Ossetian
67%
Sami (North)
67%
Seychellois Creole
67%
Tetum
67%
Tigrinya
67%
Tsonga
67%
Wolof
67%
Yakut
67%
Bambara
60%
Bashkir
60%
Bhojpuri
60%
Buryat
60%
Gujarati
60%
Hill Mari
60%
Kashmiri
60%
Komi
60%
Ligurian
60%
Meadow Mari
60%
Ndebele (South)
60%
Rundi
60%
Tongan
60%
Tswana
60%
Tuvan
60%
Twi
60%
Venda
60%
Asturian
53%
Avar
53%
Chamorro
53%
Dinka
53%
Dogri
53%
Inuktut (Latin)
53%
Inuktut (Syllabics)
53%
Kinyarwanda
53%
Klingon
53%
Limburgish
53%
Lower Sorbian
53%
Papiamento
53%
Sango
53%
Sanskrit
53%
Santali (Latin)
53%
Santali (Ol Chiki)
53%
Sepedi
53%
Shan
53%
Shona
53%
Tulu
53%
Udmurt
53%
Upper Sorbian
53%
Waray
53%
Bikol
47%
Chichewa/Nyanja
47%
Ewe
47%
Jingpo
47%
Luganda
47%
Makassar
47%
Meiteilon (Manipuri)
47%
Nahuatl (Eastern Huasteca)
47%
Tahitian
47%
Tiv
47%
Awadhi
40%
Betawi
40%
Chinese (Literary)
40%
Chuukese
40%
Fon
40%
Hiligaynon
40%
Hunsrik
40%
Iban
40%
Kapampangan
40%
Khasi
40%
Kokborok
40%
Krio
40%
Kurdish (Sorani)
40%
Latgalian
40%
Lingala
40%
Luo
40%
Marwadi
40%
Minang
40%
Nuer
40%
Pangasinan
40%
Acholi
33%
Batak Karo
33%
Batak Simalungun
33%
Batak Toba
33%
Bemba
33%
Bodo
33%
Chhattisgarhi
33%
Hakha Chin
33%
Kanuri
33%
Madurese
33%
Mam
33%
Nepalbhasa (Newari)
33%
Tshiluba
33%
Zapotec
33%
Alur
27%
Baoule
27%
Dyula
27%
Elvish
27%
Kiga
27%
Kituba
27%
Ndau
27%
Q'eqchi'
27%
Susu
27%
Tumbuka
27%
Kabuverdianu
20%
NKo
20%
Inuinnaqtun
13%
Queretaro Otomi
7%
Emoji
0%
No matching quizzes found
Score Distribution
Percent of People with Each Score
Percentile by Number Answered
Your Score History
You have not taken this quiz since the last reset